| 000 | 00761nam a2200265Ia 4500 | ||
|---|---|---|---|
| 003 | GCL | ||
| 008 | 140319s9999 xx 000 0 ara d | ||
| 040 |
_aGCL / _cGCL |
||
| 082 | 0 | 4 |
_a194 _bت ب |
| 100 | 1 | _aتوفيق الشريف | |
| 245 | 1 | 0 |
_aبرفون وفلسفة الحياة / _cتوفيق الشريف |
| 260 |
_a[S.N] : _bالمنشورات للانتاج والتوزيع |
||
| 300 | _a94 ص | ||
| 490 |
_aاعلام وقضايا فلسفية _v0 |
||
| 650 | 0 | 4 | _aالعلم |
| 650 | 0 | 4 | _aالفلسفة |
| 650 | 0 | 4 | _aنظريات |
| 650 | 0 | 4 | _aالاخلاق |
| 650 | 0 | 4 | _aالفلسفة الحديثة |
| 650 | 0 | 4 | _aالروح |
| 650 | 0 | 4 | _aالفلاسفة |
| 650 | 0 | 4 | _aبرفون |
| 650 | 0 | 4 | _aالسببية |
| 942 |
_2ddc _cBK |
||
| 999 |
_c28108 _d28108 |
||